| 000 | 00813cab a22001935a 4500 | ||
|---|---|---|---|
| 001 | L143264 | ||
| 008 | 080422e20080418xxk f s 000 0 eng d | ||
| 035 | _a(Sirsi) u143264 | ||
| 041 | 0 | _aeng | |
| 100 | 1 | _aGlackin, Michael | |
| 245 | 0 | 0 | _aHBG full of the joys of spring as it lands £254m of work |
| 260 | _c2008 | ||
| 490 |
_aBuilding Magazine _v273(8525) 18 April 2008, 20-21(2) |
||
| 520 | _aPresents lists of the top contractors, architects, clients/promoters and quantity surveyors by project value. Reports that the Dutch firm HBG construction has returned to the top of the construction table after a month's absence by virtue of its success in winning two major education contracts. | ||
| 590 | _aKA | ||
| 651 | 4 |
_aUnited Kingdom _y |
|
| 690 | _aBUILT ENVIRONMENT-CONSTRUCTION MARKET | ||
| 942 | _n0 | ||
| 999 |
_c80124 _d80124 |
||